Представление документа в формате RUSMARC

Поле Инд. ПП Название Значение
Тип записи a
Библиографический уровень m
001 Контрольный номер 304b7f4c155a4213984f4be134bae1e7
005 Дата корректировки 20250113150036.2
100 a Данные общей обработки 20180626 ||| 0rusy0189 ca
101 0_ a Язык текста rus
102 a Страна публикации RU
200 1_ a Заглавие № 3
210 1_ d Дата издания 2018
461 _0 1 2000
a Закон и право
b Электронный ресурс
1 001d60da3b6da1c4d5fba1e305dcbe64a70
801 _0 a Страна RU
b Организация РГУП
c Дата составления 20180626
g Правила каталогизации PSBO
801 _1 a Страна RU
b Организация РГУП
c Дата составления 20180626
g Правила каталогизации PSBO
856 4_ u URL https://rucont.ru/efd/638649
901 t Тип документа s
w Контрольный № источника d60da3b6da1c4d5fba1e305dcbe64a70
905 a Дата ввода 20180626